Les préfectures du Japon - Statistiques

Statistiques générales
  • Ce quiz a été pris 109 fois
  • Le résultat moyen est 22 sur 46
Statistiques - réponses
Région Préfectures % Correct
Kantō Tokyo
92%
Kansai Kyoto
87%
Chūgoku Hiroshima
83%
Hokkaidō Hokkaidō
83%
Kyūshū & Okinawa Nagasaki
75%
Kyūshū & Okinawa Okinawa
75%
Kansai Osaka
73%
Kantō Chiba
71%
Tōhoku Fukushima
69%
Kantō Saitama
63%
Tōhoku Aomori
60%
Kyūshū & Okinawa Fukuoka
54%
Kansai Mie
54%
Kansai Nara
54%
Tōhoku Akita
46%
Chūbu Niigata
46%
Chūbu Aichi
44%
Chūbu Fukui
44%
Kyūshū & Okinawa Miyazaki
44%
Kansai Wakayama
44%
Chūbu Gifu
42%
Kantō Kanagawa
42%
Shikoku Ehime
40%
Chūgoku Tottori
40%
Kantō Gunma
38%
Chūbu Ishikawa
38%
Tōhoku Iwate
38%
Kyūshū & Okinawa Kagoshima
38%
Kyūshū & Okinawa Kumamoto
38%
Chūbu Shizuoka
38%
Kansai Hyogo
37%
Kantō Ibaraki
37%
Tōhoku Miyagi
37%
Kyūshū & Okinawa Ōita
37%
Chūgoku Okayama
37%
Tōhoku Yamagata
37%
Chūbu Yamanashi
37%
Kantō Tochigi
35%
Kyūshū & Okinawa Saga
33%
Kansai Shiga
33%
Chūgoku Yamaguchi
31%
Shikoku Kochi
29%
Chūgoku Shimane
29%
Shikoku Tokushima
29%
Shikoku Kagawa
27%
Chūbu Toyama
27%
Aucun quiz correspondant
Distribution des résultats
% des personnes avec chaque résultat
Percentile par nombre de réponses
Votre historique - résultats
Vous n’avez pas pris ce quiz